| 000 | 00708nam a2200241 a 4500 | ||
|---|---|---|---|
| 001 | 77365 | ||
| 003 | BD-RjUL | ||
| 005 | 20211209082949.0 | ||
| 008 | 200318s1952 e nyu 000 0beng | ||
| 035 | _a(BD-RjUL)77590 | ||
| 035 | _aBD-RjUL | ||
| 040 |
_aDLC _cCWR _dm.c _dOCL _dBD-RjUL _beng |
||
| 041 | _aeng | ||
| 082 |
_a821.8 _bCOR 1952 _219 |
||
| 100 | 1 |
_aCohen, J.M. _953253 |
|
| 245 | 1 | 0 |
_aRobert Browning / _cby J.M. Cohen |
| 260 |
_aNew York : _bMacmillan Co ; _aLondon : _bMacmillan, _c1903 [Reprinted 1967] |
||
| 300 |
_av, 207 p. : _c20 cm. |
||
| 600 | 1 | 0 |
_aBrowning, Robert, _d1812-1889. _9241039 |
| 830 | 0 |
_aEnglish men of letters _9241040 |
|
| 942 |
_2ddc _cBK |
||
| 999 |
_c77365 _d77365 |
||